[Event "BEL-ch U14"]
[Site "Blankenberge"]
[Date "2015.04.16"]
[Round "7"]
[White "Tanghe, Joran"]
[Black "Cool, Tristan"]
[Result "0-1"]
[WhiteElo "1214"]
[BlackElo "1264"]
[PlyCount "118"]
[EventDate "2015.04.12"]
[EventType "swiss"]
[EventRounds "9"]
[EventCountry "BEL"]
[SourceTitle "CBM 166 Extra"]
[Source "ChessBase"]
[SourceDate "2015.06.18"]
[SourceVersion "1"]
[SourceVersionDate "2015.06.18"]
[SourceQuality "1"]

1. e4 e6 2. d4 d5 3. e5 c5 4. c3 Qb6 5. Qb3 Qxb3 6. axb3 cxd4 7. cxd4 f6 8. f4 Nc6 9. Nf3 Nb4 10. Na3 Bd7 11. Be2 Rc8 12. 0-0 Nh6 13. Bd2 Nc2 14. Rac1 Bxa3 15. bxa3 Nf5 16. Bd3 Ncxd4 17. Rxc8+ Bxc8 18. Nxd4 Nxd4 19. Be3 Nxb3 20. Bb5+ Ke7 21. Bxa7 fxe5 22. fxe5 Bd7 23. Bxd7 Kxd7 24. Rf3 Nd2 25. Rf7+ Kc6 26. Bd4 Nb3 27. Bb2 d4 28. Rf3 Nd2 29. Rf4 Rd8 30. Bxd4 Nc4 31. a4 Ra8 32. Rf7 b6 33. Bc3 Rxa4 34. Rxg7 b5 35. Rg8 Ra7 36. Rd8 Rb7 37. Bb4 Rd7 38. Rc8+ Rc7 39. Rd8 Kb7 40. Bd6 Nxd6 41. exd6 Rc6 42. Rd7+ Kc8 43. Rxh7 Rxd6 44. Rh5 Rb6 45. Rc5+ Kd7 46. Rc2 e5 47. Kf2 Rf6+ 48. Ke3 Kd6 49. g3 Kd5 50. Rb2 Rb6 51. h4 Kc4 52. Kf2 b4 53. Ke3 Kc3 54. Rb1 Kc2 55. Rh1 b3 56. h5 b2 57. Rh2+ Kc3 58. h6 b1Q 59. h7 Qd3+ 0-1

[Event "BEL-ch U14"]
[Site "Blankenberge"]
[Date "2014.04.19"]
[Round "9"]
[White "Kreczman, Savinien"]
[Black "Tanghe, Joran"]
[Result "1-0"]
[WhiteElo "1577"]
[BlackElo "1183"]
[PlyCount "119"]
[EventDate "2014.04.??"]
[EventType "swiss"]
[EventRounds "9"]
[EventCountry "BEL"]
[SourceTitle "EXT 2015"]
[Source "ChessBase"]
[SourceDate "2014.11.20"]
[SourceVersion "1"]
[SourceVersionDate "2014.11.20"]
[SourceQuality "1"]

1. d4 d5 2. Nf3 Nf6 3. Bf4 e6 4. e3 Bd6 5. Bg3 Ne4 6. Nbd2 Nxg3 7. hxg3 Nd7 8. Bd3 h6 9. Qe2 0-0 10. 0-0-0 e5 11. dxe5 Nxe5 12. Nxe5 Bxe5 13. Rh5 Qf6 14. c3 Re8 15. Rdh1 Qe6 16. Nf3 Qd6 17. Bc2 Bf6 18. Qd3 g6 19. Rxh6 Bf5 20. Qd2 Bxc2 21. Qxc2 Bg7 22. R6h3 Kf8 23. Qd2 Ke7 24. Nd4 c6 25. Rd1 Rh8 26. Rhh1 Rxh1 27. Rxh1 Rh8 28. Rxh8 Bxh8 29. Kc2 c5 30. Nf3 g5 31. Qd3 Bf6 32. Nd2 c4 33. Qe2 Qc6 34. e4 Qa4+ 35. Kc1 Qxa2 36. exd5+ Kd6 37. Qxc4 Qxc4 38. Nxc4+ Kxd5 39. Ne3+ Kc5 40. Kd2 b5 41. f4 gxf4 42. gxf4 b4 43. cxb4+ Kxb4 44. Nd5+ Kb3 45. Nxf6 Kxb2 46. Ne4 a5 47. g4 a4 48. Nc3 a3 49. g5 a2 50. Nxa2 Kxa2 51. f5 Kb3 52. Kd3 Kb4 53. Kd4 Kb5 54. Kd5 Kb6 55. Kd6 Kb5 56. Ke7 Kc5 57. Kxf7 Kd5 58. g6 Ke5 59. g7 Kxf5 60. g8Q 1-0